<?xml version="1.0" encoding="UTF-8"?>
<record
    xmlns:xsi="http://www.w3.org/2001/XMLSchema-instance"
    xsi:schemaLocation="http://www.loc.gov/MARC21/slim http://www.loc.gov/standards/marcxml/schema/MARC21slim.xsd"
    xmlns="http://www.loc.gov/MARC21/slim">

  <leader>01706nam a22002657a 4500</leader>
  <datafield tag="999" ind1=" " ind2=" ">
    <subfield code="c">22067</subfield>
    <subfield code="d">22067</subfield>
  </datafield>
  <controlfield tag="003">AR-CdUCM</controlfield>
  <controlfield tag="008">190425b           ||||| |||| 00| 0 spa d</controlfield>
  <datafield tag="040" ind1=" " ind2=" ">
    <subfield code="a">MUNICIPALIDAD PROVINCIAL DEL CUSCO</subfield>
    <subfield code="c">BIBLIOTECA MUNICIPAL DEL CUSCO</subfield>
  </datafield>
  <datafield tag="082" ind1=" " ind2=" ">
    <subfield code="a">Situa/N&#xB0;6/1995</subfield>
  </datafield>
  <datafield tag="245" ind1=" " ind2=" ">
    <subfield code="a">Situa :</subfield>
    <subfield code="b">Revista semestral de la Facultad de Medicina Humana /</subfield>
    <subfield code="c">Facultad de Medicina Humana, Universidad Nacional de San Antonio Abad del Cusco</subfield>
  </datafield>
  <datafield tag="260" ind1=" " ind2=" ">
    <subfield code="a">Cusco :</subfield>
    <subfield code="b">[UNSAAC],</subfield>
    <subfield code="c">1995.</subfield>
  </datafield>
  <datafield tag="300" ind1=" " ind2=" ">
    <subfield code="a">59 p&#xE1;ginas. :</subfield>
    <subfield code="c">31 cm.</subfield>
  </datafield>
  <datafield tag="440" ind1=" " ind2=" ">
    <subfield code="a">Situa revista semestral de la Facultad de Medicina Humana.</subfield>
    <subfield code="n">A&#xF1;o,3, N&#xB0; 6, marzo-setiembre 1995.</subfield>
    <subfield code="9">47340</subfield>
  </datafield>
  <datafield tag="505" ind1=" " ind2=" ">
    <subfield code="a">Contenido: El altar mayor del Qoricancha y la medicina tradicional andina. Oscar Liendo Seminario. -- Evoluci&#xF3;n y acreditaci&#xF3;n de Facultades de Medicina. Ramiro Farf&#xE1;n. -- La ense&#xF1;anza de la salud reproductiva en las facultades de Ciencias de la Salud. Ren&#xE9; Cervantes Begazo. -- Enfermedad Mic&#xF3;tica en Quinua. Esther Daza Vera. -- Valor predictivo de la historia cl&#xED;nica perinatol&#xF3;gica para morbilidad neonatal en el Hospital Regional del Cusco. -- Malnutrici&#xF3;n y pol&#xED;tica. Luis Vidal Coello. -- Afecciones oculares en adultos relacionados a ceguera en los hospitales Antonio Lorena e IPSS Cusco. Valent&#xED;n Sotecc Roque. -- Prevenci&#xF3;n del Cancer. Andr&#xE9;s Solidoro...</subfield>
  </datafield>
  <datafield tag="650" ind1=" " ind2=" ">
    <subfield code="a">Medicina humana</subfield>
    <subfield code="9">47329</subfield>
  </datafield>
  <datafield tag="650" ind1=" " ind2=" ">
    <subfield code="a">Salud p&#xFA;blica</subfield>
    <subfield code="9">6404</subfield>
  </datafield>
  <datafield tag="650" ind1=" " ind2=" ">
    <subfield code="a">Hospitales</subfield>
    <subfield code="9">47330</subfield>
  </datafield>
  <datafield tag="650" ind1=" " ind2=" ">
    <subfield code="a">Centros de Salud</subfield>
    <subfield code="9">32510</subfield>
  </datafield>
  <datafield tag="700" ind1=" " ind2=" ">
    <subfield code="a">Daza Vera, Esther</subfield>
    <subfield code="9">21584</subfield>
  </datafield>
  <datafield tag="700" ind1=" " ind2=" ">
    <subfield code="a">Sotecc Roque, Valent&#xED;n</subfield>
    <subfield code="9">47341</subfield>
  </datafield>
  <datafield tag="710" ind1=" " ind2=" ">
    <subfield code="a">Facultad de Medicina Humana</subfield>
    <subfield code="9">47335</subfield>
  </datafield>
  <datafield tag="710" ind1=" " ind2=" ">
    <subfield code="a">Universidad Nacional de San Antonio Abad del Cusco</subfield>
    <subfield code="9">15942</subfield>
  </datafield>
  <datafield tag="942" ind1=" " ind2=" ">
    <subfield code="2">ddc</subfield>
    <subfield code="c">PP</subfield>
  </datafield>
  <datafield tag="945" ind1=" " ind2=" ">
    <subfield code="a">vhl</subfield>
  </datafield>
  <datafield tag="952" ind1=" " ind2=" ">
    <subfield code="0">0</subfield>
    <subfield code="2">ddc</subfield>
    <subfield code="4">0</subfield>
    <subfield code="7">0</subfield>
    <subfield code="a">HEM</subfield>
    <subfield code="b">HEM</subfield>
    <subfield code="c">CART</subfield>
    <subfield code="d">2022-03-01</subfield>
    <subfield code="g">5.00</subfield>
    <subfield code="o">Situa/N&#xB0;6/1995</subfield>
    <subfield code="p">REVC000725</subfield>
    <subfield code="r">2022-03-01</subfield>
    <subfield code="y">PP</subfield>
  </datafield>
  <datafield tag="952" ind1=" " ind2=" ">
    <subfield code="0">0</subfield>
    <subfield code="2">ddc</subfield>
    <subfield code="4">0</subfield>
    <subfield code="7">0</subfield>
    <subfield code="a">HEM</subfield>
    <subfield code="b">HEM</subfield>
    <subfield code="c">CART</subfield>
    <subfield code="d">2022-03-01</subfield>
    <subfield code="g">5.00</subfield>
    <subfield code="o">Situa/N&#xB0;6/1995/e.2</subfield>
    <subfield code="p">REVC000726</subfield>
    <subfield code="r">2022-03-01</subfield>
    <subfield code="y">PP</subfield>
  </datafield>
</record>
